[Event "T-Director's Swiss sytem"]
[Site "playchess.com #662980"]
[Date "2014.03.16"]
[Round "2"]
[White "Papadosor"]
[Black "Shrek2"]
[Result "1-0"]
[WhiteElo "2378"]
[BlackElo "1871"]
[PlyCount "101"]
[EventDate "2014.03.16"]
[EventType "swiss (blitz)"]

1. e4 {[%emt 0:00:01]} c5 {[%emt 0:00:01]} 2. Nf3 {[%emt 0:00:01]} Nc6 {[%emt
0:00:01]} 3. Bb5 {[%emt 0:00:02]} Nd4 {[%emt 0:00:01]} 4. Nxd4 {[%emt 0:00:05]}
cxd4 {[%emt 0:00:00]} 5. O-O {[%emt 0:00:01]} e6 {[%emt 0:00:01]} 6. c3 {[%emt
0:00:05]} a6 {[%emt 0:00:02]} 7. Ba4 {[%emt 0:00:01]} b5 {[%emt 0:00:01]} 8.
Bb3 {[%emt 0:00:01]} Bc5 {[%emt 0:00:01]} 9. d3 {[%emt 0:00:01]} Bb7 {[%emt 0:
00:02]} 10. cxd4 {[%emt 0:00:08]} Bxd4 {[%emt 0:00:01]} 11. Nc3 {[%emt 0:00:01]
} Rc8 {[%emt 0:00:03]} 12. Ne2 {[%emt 0:00:02]} Bb6 {[%emt 0:00:03]} 13. Bf4 {
[%emt 0:00:03]} d6 {[%emt 0:00:06]} 14. Qd2 {[%emt 0:00:02]} h6 {[%emt 0:00:04]
} 15. Rac1 {[%emt 0:00:02]} Nf6 {[%emt 0:00:02]} 16. Rxc8 {[%emt 0:00:03]} Qxc8
{[%emt 0:00:03]} 17. Bxd6 {[%emt 0:00:04]} Qd7 {[%emt 0:00:06]} 18. Bb4 {[%emt
0:00:05]} Qd8 {[%emt 0:00:10]} 19. Qc3 {[%emt 0:00:27]} a5 {[%emt 0:00:11]} 20.
Bc5 {[%emt 0:00:01]} Bc7 {[%emt 0:00:07]} 21. a4 {[%emt 0:00:10]} b4 {[%emt 0:
00:02]} 22. Qc4 {[%emt 0:00:01]} Nd7 {[%emt 0:00:02]} 23. Rc1 {[%emt 0:00:28]}
Ne5 {[%emt 0:00:02]} 24. Qb5+ {[%emt 0:00:38]} Bc6 {[%emt 0:00:26]} 25. Qa6 {
[%emt 0:00:03]} Qxd3 {[%emt 0:00:10]} 26. Qc8+ {[%emt 0:00:47]} Qd8 {[%emt 0:
00:20]} 27. Qxd8+ {[%emt 0:00:05]} Bxd8 {[%emt 0:00:10]} 28. f3 {[%emt 0:00:24]
} Nd3 {[%emt 0:00:06]} 29. Kf1 {[%emt 0:00:01]} Nxc1 {[%emt 0:00:02]} 30. Nxc1
{[%emt 0:00:01]} Be7 {[%emt 0:00:02]} 31. Bb6 {[%emt 0:00:03]} Bd8 {[%emt 0:00:
02]} 32. Bd4 {[%emt 0:00:01]} Bf6 {[%emt 0:00:07]} 33. e5 {[%emt 0:00:06]} Bg5
{[%emt 0:00:07]} 34. Nd3 {[%emt 0:00:01]} Ke7 {[%emt 0:00:04]} 35. Ke2 {[%emt
0:00:09]} Rd8 {[%emt 0:00:05]} 36. Bb6 {[%emt 0:00:04]} Ra8 {[%emt 0:00:38]}
37. f4 {[%emt 0:00:02]} Bxg2 {[%emt 0:00:06]} 38. fxg5 {[%emt 0:00:02]} hxg5 {
[%emt 0:00:00]} 39. Bc4 {[%emt 0:00:07]} Bd5 {[%emt 0:00:04]} 40. Bxd5 {[%emt
0:00:20]} exd5 {[%emt 0:00:01]} 41. Ke3 {[%emt 0:00:01]} Rh8 {[%emt 0:00:21]}
42. Bxa5 {[%emt 0:00:01]} Rxh2 {[%emt 0:00:00]} 43. Bxb4+ {[%emt 0:00:01]} Ke6
{[%emt 0:00:06]} 44. a5 {[%emt 0:00:01]} g4 {[%emt 0:00:06]} 45. a6 {[%emt 0:
00:03]} g3 {[%emt 0:00:09]} 46. a7 {[%emt 0:00:05]} g2 {[%emt 0:00:14]} 47. Kf2
{[%emt 0:00:02]} g1=Q+ {[%emt 0:00:01]} 48. Kxg1 {[%emt 0:00:01]} Rh8 {[%emt 0:
00:01]} 49. Nc5+ {[%emt 0:00:05]} Kxe5 {[%emt 0:00:03]} 50. Nd7+ {[%emt 0:00:
01]} Kd4 {[%emt 0:00:15]} 51. Bf8 {[%emt 0:00:04] Shrek2 gibt auf} 1-0

[Event "T-Director's Swiss sytem"]
[Site "playchess.com #662980"]
[Date "2014.03.16"]
[Round "6"]
[White "Papadosor"]
[Black "jiiva"]
[Result "1-0"]
[WhiteElo "2376"]
[BlackElo "1980"]
[PlyCount "55"]
[EventDate "2014.03.16"]
[EventType "swiss (blitz)"]

1. Nf3 {[%emt 0:00:06]} Nc6 {[%emt 0:01:24]} 2. d4 {[%emt 0:00:04]} d5 {[%emt
0:00:04]} 3. c4 {[%emt 0:00:01]} Bg4 {[%emt 0:00:03]} 4. cxd5 {[%emt 0:00:02]}
Bxf3 {[%emt 0:00:02]} 5. dxc6 {[%emt 0:00:22]} Bxc6 {[%emt 0:00:02]} 6. Nc3 {
[%emt 0:00:02]} e6 {[%emt 0:00:05]} 7. e4 {[%emt 0:00:08]} Nf6 {[%emt 0:00:13]}
8. f3 {[%emt 0:00:02]} Qd7 {[%emt 0:00:05]} 9. Be3 {[%emt 0:00:02]} O-O-O {
[%emt 0:00:03]} 10. Be2 {[%emt 0:00:02]} Bb4 {[%emt 0:00:06]} 11. O-O {[%emt 0:
00:02]} Rhe8 {[%emt 0:00:29]} 12. a3 {[%emt 0:00:02]} Bxc3 {[%emt 0:00:10]} 13.
bxc3 {[%emt 0:00:01]} Qe7 {[%emt 0:00:15]} 14. Qb3 {[%emt 0:00:05]} Nd7 {[%emt
0:00:06]} 15. a4 {[%emt 0:00:05]} Nb8 {[%emt 0:00:33]} 16. Rfb1 {[%emt 0:00:07]
} b6 {[%emt 0:00:06]} 17. a5 {[%emt 0:00:02]} f5 {[%emt 0:00:09]} 18. e5 {
[%emt 0:00:33]} g5 {[%emt 0:00:10]} 19. axb6 {[%emt 0:00:04]} axb6 {[%emt 0:00:
07]} 20. c4 {[%emt 0:00:01]} f4 {[%emt 0:00:07]} 21. Bf2 {[%emt 0:00:01]} h5 {
[%emt 0:00:04]} 22. Ra7 {[%emt 0:00:08]} g4 {[%emt 0:00:05]} 23. c5 {[%emt 0:
00:06]} Nd7 {[%emt 0:00:09]} 24. cxb6 {[%emt 0:00:16]} Nxb6 {[%emt 0:00:06]}
25. Rc1 {[%emt 0:00:26]} Qd7 {[%emt 0:00:23]} 26. d5 {[%emt 0:00:14]} Qxd5 {
[%emt 0:00:03]} 27. Qxd5 {[%emt 0:00:03]} Bxd5 {[%emt 0:00:07]} 28. Bxb6 {
[%emt 0:00:06] jiiva resigns} 1-0

[Event "T-Director's Swiss sytem"]
[Site "playchess.com #662980"]
[Date "2014.03.16"]
[Round "1"]
[White "Pawn power"]
[Black "Borjigin"]
[Result "0-1"]
[WhiteElo "2116"]
[BlackElo "1602"]
[PlyCount "54"]
[EventDate "2014.03.16"]
[EventType "swiss (blitz)"]

1. e4 {[%emt 0:00:02]} c5 {[%emt 0:00:01]} 2. Nf3 {[%emt 0:00:01]} e6 {[%emt 0:
00:02]} 3. d4 {[%emt 0:00:02]} d5 {[%emt 0:00:01]} 4. exd5 {[%emt 0:00:03]}
exd5 {[%emt 0:00:00]} 5. Bb5+ {[%emt 0:00:00]} Nc6 {[%emt 0:00:01]} 6. Bxc6+ {
[%emt 0:00:01]} bxc6 {[%emt 0:00:01]} 7. O-O {[%emt 0:00:00]} Nf6 {[%emt 0:00:
01]} 8. Re1+ {[%emt 0:00:04]} Be7 {[%emt 0:00:01]} 9. dxc5 {[%emt 0:00:01]} O-O
{[%emt 0:00:02]} 10. b4 {[%emt 0:00:00]} a5 {[%emt 0:00:01]} 11. c3 {[%emt 0:
00:01]} axb4 {[%emt 0:00:02]} 12. cxb4 {[%emt 0:00:00]} Ne4 {[%emt 0:00:01]}
13. Bb2 {[%emt 0:00:03]} Bg4 {[%emt 0:00:05]} 14. Nbd2 {[%emt 0:00:02]} f5 {
[%emt 0:00:04]} 15. h3 {[%emt 0:00:03]} Bh5 {[%emt 0:00:01]} 16. a4 {[%emt 0:
00:01]} Bf6 {[%emt 0:00:01]} 17. Bxf6 {[%emt 0:00:02]} Qxf6 {[%emt 0:00:01]}
18. Qc2 {[%emt 0:00:01]} Rfe8 {[%emt 0:00:07]} 19. Rab1 {[%emt 0:00:12]} Bxf3 {
[%emt 0:00:20]} 20. Nxf3 {[%emt 0:00:03]} Nc3 {[%emt 0:00:02]} 21. Rxe8+ {
[%emt 0:00:06]} Rxe8 {[%emt 0:00:02]} 22. Rf1 {[%emt 0:00:07]} g5 {[%emt 0:00:
27]} 23. a5 {[%emt 0:00:15]} g4 {[%emt 0:00:02]} 24. hxg4 {[%emt 0:00:04]} fxg4
{[%emt 0:00:01]} 25. Ng5 {[%emt 0:00:01]} Ne2+ {[%emt 0:00:10]} 26. Qxe2 {
[%emt 0:00:02]} Rxe2 {[%emt 0:00:02]} 27. f4 {[%emt 0:00:02]} Qb2 {[%emt 0:00:
20] Pawn power Terk} 0-1

[Event "T-Director's Swiss sytem"]
[Site "playchess.com #662980"]
[Date "2014.03.16"]
[Round "4"]
[White "Penquins"]
[Black "Shrek2"]
[Result "1-0"]
[WhiteElo "2119"]
[BlackElo "1881"]
[PlyCount "69"]
[EventDate "2014.03.16"]
[EventType "swiss (blitz)"]

1. e4 {[%emt 0:00:02]} c5 {[%emt 0:00:05]} 2. Nf3 {[%emt 0:00:03]} Nc6 {[%emt
0:00:01]} 3. c3 {[%emt 0:00:02]} Nf6 {[%emt 0:00:02]} 4. e5 {[%emt 0:00:06]}
Nd5 {[%emt 0:00:01]} 5. d4 {[%emt 0:00:01]} cxd4 {[%emt 0:00:02]} 6. cxd4 {
[%emt 0:00:00]} d6 {[%emt 0:00:01]} 7. exd6 {[%emt 0:00:08]} e6 {[%emt 0:00:02]
} 8. Nc3 {[%emt 0:00:05]} Bxd6 {[%emt 0:00:03]} 9. Bd3 {[%emt 0:00:14]} a6 {
[%emt 0:00:02]} 10. O-O {[%emt 0:00:07]} b5 {[%emt 0:00:01]} 11. Nxd5 {[%emt 0:
00:11]} exd5 {[%emt 0:00:01]} 12. Re1+ {[%emt 0:00:01]} Ne7 {[%emt 0:00:13]}
13. Qc2 {[%emt 0:00:19]} Bg4 {[%emt 0:00:20]} 14. Ne5 {[%emt 0:00:19]} Bxe5 {
[%emt 0:00:36]} 15. Rxe5 {[%emt 0:00:00]} Rc8 {[%emt 0:00:04]} 16. Qb3 {[%emt
0:00:43]} h6 {[%emt 0:00:04]} 17. Qa3 {[%emt 0:00:19]} Rc6 {[%emt 0:00:24]} 18.
Bd2 {[%emt 0:00:35]} Be6 {[%emt 0:00:03]} 19. Bb4 {[%emt 0:00:06]} Ng6 {[%emt
0:00:44]} 20. Re3 {[%emt 0:00:42]} Nf4 {[%emt 0:00:03]} 21. Bf1 {[%emt 0:00:04]
} Qf6 {[%emt 0:00:08]} 22. Bc5 {[%emt 0:00:08]} g5 {[%emt 0:00:12]} 23. Bd6 {
[%emt 0:00:17]} h5 {[%emt 0:00:08]} 24. Be5 {[%emt 0:00:02]} Qh6 {[%emt 0:00:
04]} 25. Bxh8 {[%emt 0:00:03]} Qxh8 {[%emt 0:00:00]} 26. g3 {[%emt 0:00:05]}
Qg7 {[%emt 0:00:23]} 27. Rc3 {[%emt 0:00:10]} Rxc3 {[%emt 0:00:14]} 28. bxc3 {
[%emt 0:00:00]} Nh3+ {[%emt 0:00:58]} 29. Bxh3 {[%emt 0:00:17]} Bxh3 {[%emt 0:
00:01]} 30. Re1+ {[%emt 0:00:01]} Be6 {[%emt 0:00:05]} 31. Qxa6 {[%emt 0:00:04]
} Qf6 {[%emt 0:00:04]} 32. Qxb5+ {[%emt 0:00:06]} Ke7 {[%emt 0:00:02]} 33. Qxd5
{[%emt 0:00:04]} h4 {[%emt 0:00:07]} 34. Qe5 {[%emt 0:00:04]} Qg6 {[%emt 0:00:
21]} 35. d5 {[%emt 0:00:02] Shrek2 gibt auf} 1-0

[Event "T-Director's Swiss sytem"]
[Site "playchess.com #662980"]
[Date "2014.03.16"]
[Round "3"]
[White "Penquins"]
[Black "Vertetics Attila"]
[Result "0-1"]
[WhiteElo "2123"]
[BlackElo "2472"]
[PlyCount "90"]
[EventDate "2014.03.16"]
[EventType "swiss (blitz)"]

1. e4 {[%emt 0:00:02]} c6 {[%emt 0:00:01]} 2. Ne2 {[%emt 0:00:04]} d5 {[%emt 0:
00:00]} 3. e5 {[%emt 0:00:01]} c5 {[%emt 0:00:03]} 4. d4 {[%emt 0:00:13]} Nc6 {
[%emt 0:00:02]} 5. c3 {[%emt 0:00:21]} cxd4 {[%emt 0:00:27]} 6. cxd4 {[%emt 0:
00:00]} Bf5 {[%emt 0:00:01]} 7. Ng3 {[%emt 0:00:13]} Bxb1 {[%emt 0:00:11]} 8.
Rxb1 {[%emt 0:00:01]} e6 {[%emt 0:00:17]} 9. a3 {[%emt 0:00:18]} Rc8 {[%emt 0:
00:32]} 10. Be2 {[%emt 0:00:09]} g6 {[%emt 0:00:25]} 11. O-O {[%emt 0:00:14]}
h5 {[%emt 0:00:03]} 12. Bb5 {[%emt 0:01:35]} Qb6 {[%emt 0:00:18]} 13. Ba4 {
[%emt 0:00:17]} Nge7 {[%emt 0:00:35]} 14. b4 {[%emt 0:00:19]} Bg7 {[%emt 0:00:
10]} 15. Be3 {[%emt 0:00:14]} Kf8 {[%emt 0:00:02]} 16. Rc1 {[%emt 0:00:14]} a6
{[%emt 0:00:14]} 17. Rc5 {[%emt 0:00:07]} Kg8 {[%emt 0:00:13]} 18. Ne2 {[%emt
0:00:11]} Nf5 {[%emt 0:00:03]} 19. Qd2 {[%emt 0:00:06]} Bf8 {[%emt 0:00:07]}
20. Rc2 {[%emt 0:00:10]} Be7 {[%emt 0:00:15]} 21. Rfc1 {[%emt 0:00:03]} Kg7 {
[%emt 0:00:01]} 22. Bxc6 {[%emt 0:00:06]} Rxc6 {[%emt 0:00:01]} 23. Rxc6 {
[%emt 0:00:02]} bxc6 {[%emt 0:00:00]} 24. Nc3 {[%emt 0:00:19]} a5 {[%emt 0:00:
07]} 25. Na4 {[%emt 0:00:16]} Qb5 {[%emt 0:00:01]} 26. Nc5 {[%emt 0:00:02]}
axb4 {[%emt 0:00:04]} 27. axb4 {[%emt 0:00:01]} Rb8 {[%emt 0:00:04]} 28. Nd3 {
[%emt 0:00:07]} Bxb4 {[%emt 0:00:14]} 29. Nxb4 {[%emt 0:00:08]} Qxb4 {[%emt 0:
00:00]} 30. Qd3 {[%emt 0:00:07]} Rc8 {[%emt 0:00:23] '} 31. Rd1 {[%emt 0:00:01]
} c5 {[%emt 0:00:05]} 32. dxc5 {[%emt 0:00:01]} Nxe3 {[%emt 0:00:00]} 33. Qxe3
{[%emt 0:00:01]} Qxc5 {[%emt 0:00:08]} 34. Qg5 {[%emt 0:00:01]} Qc7 {[%emt 0:
00:07]} 35. Qf6+ {[%emt 0:00:02]} Kg8 {[%emt 0:00:01]} 36. h4 {[%emt 0:00:02]}
Qd8 {[%emt 0:00:00]} 37. Qf4 {[%emt 0:00:01]} Qe7 {[%emt 0:00:04]} 38. Rd3 {
[%emt 0:00:02]} Rc4 {[%emt 0:00:01]} 39. Rd4 {[%emt 0:00:01]} Qc5 {[%emt 0:00:
15]} 40. Rxc4 {[%emt 0:00:06]} dxc4 {[%emt 0:00:00]} 41. Qf6 {[%emt 0:00:03]}
Qd5 {[%emt 0:00:02]} 42. Qf4 {[%emt 0:00:03]} c3 {[%emt 0:00:01]} 43. Kh2 {
[%emt 0:00:02]} c2 {[%emt 0:00:02]} 44. g3 {[%emt 0:00:02]} Qd1 {[%emt 0:00:03]
} 45. Qf6 {[%emt 0:00:02]} c1=Q {[%emt 0:00:01] Penquins resigns} 0-1

[Event "T-Director's Swiss sytem"]
[Site "playchess.com #662980"]
[Date "2014.03.16"]
[Round "6"]
[White "Pierre-Basile76"]
[Black "Chrisj555"]
[Result "1-0"]
[WhiteElo "1799"]
[BlackElo "2092"]
[PlyCount "139"]
[EventDate "2014.03.16"]
[EventType "swiss (blitz)"]

1. e4 {[%emt 0:00:03]} e5 {[%emt 0:00:04]} 2. Nf3 {[%emt 0:00:02]} Nf6 {[%emt
0:00:01]} 3. d4 {[%emt 0:00:04]} Nxe4 {[%emt 0:00:03]} 4. Bd3 {[%emt 0:00:02]}
d5 {[%emt 0:00:01]} 5. Nxe5 {[%emt 0:00:03]} Nd7 {[%emt 0:00:02]} 6. Nxd7 {
[%emt 0:00:07]} Bxd7 {[%emt 0:00:01]} 7. O-O {[%emt 0:00:02]} Qh4 {[%emt 0:00:
04]} 8. Nd2 {[%emt 0:00:38]} O-O-O {[%emt 0:00:09]} 9. Nf3 {[%emt 0:00:08]} Qh5
{[%emt 0:00:14]} 10. Ne5 {[%emt 0:00:11]} Qxd1 {[%emt 0:00:06]} 11. Rxd1 {
[%emt 0:00:00]} Be6 {[%emt 0:00:02]} 12. Re1 {[%emt 0:00:56]} Nd6 {[%emt 0:00:
10]} 13. Nf3 {[%emt 0:00:12]} h6 {[%emt 0:00:05]} 14. b3 {[%emt 0:00:12]} Be7 {
[%emt 0:00:03]} 15. Bf4 {[%emt 0:00:02]} Bf6 {[%emt 0:00:02]} 16. Be5 {[%emt 0:
00:02]} b6 {[%emt 0:00:16]} 17. Bxf6 {[%emt 0:00:09]} gxf6 {[%emt 0:00:02]} 18.
Rac1 {[%emt 0:00:40]} c5 {[%emt 0:00:03]} 19. Ba6+ {[%emt 0:00:07]} Kb8 {[%emt
0:00:03]} 20. dxc5 {[%emt 0:00:03]} bxc5 {[%emt 0:00:01]} 21. c3 {[%emt 0:00:
16]} Rhg8 {[%emt 0:00:02]} 22. Bf1 {[%emt 0:00:07]} Rd7 {[%emt 0:00:17]} 23. a3
{[%emt 0:00:11]} Kc7 {[%emt 0:00:03]} 24. b4 {[%emt 0:00:01]} c4 {[%emt 0:00:
15]} 25. Nd4 {[%emt 0:00:05]} Bf5 {[%emt 0:00:13]} 26. a4 {[%emt 0:00:13]} Rg5
{[%emt 0:00:15]} 27. Re3 {[%emt 0:00:04]} Be4 {[%emt 0:00:18]} 28. Rg3 {[%emt
0:00:33]} f5 {[%emt 0:00:07]} 29. f3 {[%emt 0:00:09]} Bd3 {[%emt 0:00:07]} 30.
Bxd3 {[%emt 0:00:02]} cxd3 {[%emt 0:00:01]} 31. Rd1 {[%emt 0:00:04]} f4 {[%emt
0:00:10]} 32. Rxg5 {[%emt 0:00:03]} hxg5 {[%emt 0:00:01]} 33. h3 {[%emt 0:00:
08]} Nc4 {[%emt 0:00:05]} 34. Rxd3 {[%emt 0:00:05]} Re7 {[%emt 0:00:02]} 35.
Nb5+ {[%emt 0:00:04]} Kc6 {[%emt 0:00:05]} 36. Kf2 {[%emt 0:00:12]} a6 {[%emt
0:00:07]} 37. Nd4+ {[%emt 0:00:01]} Kb6 {[%emt 0:00:03]} 38. a5+ {[%emt 0:00:
01]} Kc7 {[%emt 0:00:03]} 39. Rd1 {[%emt 0:00:02]} Ne3 {[%emt 0:00:02]} 40. Re1
{[%emt 0:00:02]} Kb7 {[%emt 0:00:09]} 41. Nc2 {[%emt 0:00:01]} Nf5 {[%emt 0:00:
12]} 42. Rxe7+ {[%emt 0:00:00]} Nxe7 {[%emt 0:00:01]} 43. Nd4 {[%emt 0:00:02]}
Kc7 {[%emt 0:00:05]} 44. Ke2 {[%emt 0:00:02]} Kd6 {[%emt 0:00:01]} 45. Kd3 {
[%emt 0:00:01]} Ke5 {[%emt 0:00:07]} 46. Nb3 {[%emt 0:00:02]} Nc6 {[%emt 0:00:
10]} 47. Nc5 {[%emt 0:00:02]} Nb8 {[%emt 0:00:01]} 48. c4 {[%emt 0:00:10]}
dxc4+ {[%emt 0:00:06]} 49. Kxc4 {[%emt 0:00:00]} f5 {[%emt 0:00:00]} 50. b5 {
[%emt 0:00:03]} axb5+ {[%emt 0:00:01]} 51. Kxb5 {[%emt 0:00:00]} Kd4 {[%emt 0:
00:02]} 52. Ne6+ {[%emt 0:00:03]} Ke3 {[%emt 0:00:05]} 53. Nxg5 {[%emt 0:00:00]
} Kf2 {[%emt 0:00:01]} 54. h4 {[%emt 0:00:01]} Kxg2 {[%emt 0:00:04]} 55. h5 {
[%emt 0:00:01]} Nd7 {[%emt 0:00:01]} 56. a6 {[%emt 0:00:01]} Nf6 {[%emt 0:00:
01]} 57. a7 {[%emt 0:00:01]} Nxh5 {[%emt 0:00:02]} 58. a8=Q {[%emt 0:00:00]}
Ng3 {[%emt 0:00:04]} 59. Qa2+ {[%emt 0:00:02]} Kf1 {[%emt 0:00:04]} 60. Nh3 {
[%emt 0:00:02]} Ke1 {[%emt 0:00:02]} 61. Qc2 {[%emt 0:00:05]} Ne2 {[%emt 0:00:
04]} 62. Kb4 {[%emt 0:00:04]} Kf1 {[%emt 0:00:06]} 63. Qd1+ {[%emt 0:00:03]}
Kg2 {[%emt 0:00:02]} 64. Qxe2+ {[%emt 0:00:03]} Kxh3 {[%emt 0:00:01]} 65. Kc4 {
[%emt 0:00:03]} Kg3 {[%emt 0:00:01]} 66. Kd5 {[%emt 0:00:01]} Kh4 {[%emt 0:00:
01]} 67. Ke5 {[%emt 0:00:00]} Kg5 {[%emt 0:00:00]} 68. Qg2+ {[%emt 0:00:01]}
Kh4 {[%emt 0:00:01]} 69. Kxf4 {[%emt 0:00:03]} Kh5 {[%emt 0:00:02]} 70. Qg5# {
[%emt 0:00:00]} 1-0

[Event "T-Director's Swiss sytem"]
[Site "playchess.com #662980"]
[Date "2014.03.16"]
[Round "2"]
[White "Pierre-Basile76"]
[Black "Haapana"]
[Result "0-1"]
[WhiteElo "1816"]
[BlackElo "2112"]
[PlyCount "94"]
[EventDate "2014.03.16"]
[EventType "swiss (blitz)"]

1. e4 {[%emt 0:00:02]} e6 {[%emt 0:00:04]} 2. d4 {[%emt 0:00:03]} d5 {[%emt 0:
00:03]} 3. Nd2 {[%emt 0:00:02]} c5 {[%emt 0:00:04]} 4. exd5 {[%emt 0:00:03]}
Qxd5 {[%emt 0:00:02]} 5. c4 {[%emt 0:00:19]} Qxd4 {[%emt 0:00:09]} 6. Ngf3 {
[%emt 0:00:07]} Qd8 {[%emt 0:00:12]} 7. Qb3 {[%emt 0:00:12]} Nc6 {[%emt 0:00:
11]} 8. Be2 {[%emt 0:00:36]} Nf6 {[%emt 0:00:10]} 9. Nf1 {[%emt 0:00:03]} Bd6 {
[%emt 0:01:13]} 10. Be3 {[%emt 0:01:13]} Qc7 {[%emt 0:00:17]} 11. h3 {[%emt 0:
00:13]} Bd7 {[%emt 0:00:10]} 12. O-O-O {[%emt 0:00:03]} Bf4 {[%emt 0:00:02]}
13. Kb1 {[%emt 0:00:03]} Bxe3 {[%emt 0:00:02]} 14. Nxe3 {[%emt 0:00:01]} h6 {
[%emt 0:00:27]} 15. Nd2 {[%emt 0:00:46]} Nd4 {[%emt 0:00:12]} 16. Qd3 {[%emt 0:
00:02]} Bc6 {[%emt 0:00:03]} 17. Bf3 {[%emt 0:00:43]} O-O-O {[%emt 0:00:25]}
18. Qa3 {[%emt 0:00:24]} Qb6 {[%emt 0:00:33]} 19. Bxc6 {[%emt 0:00:18]} Nxc6 {
[%emt 0:00:00]} 20. Nf3 {[%emt 0:00:10]} Ne4 {[%emt 0:00:33] '} 21. Rxd8+ {
[%emt 0:00:11]} Rxd8 {[%emt 0:00:01]} 22. Rf1 {[%emt 0:00:02]} Nb4 {[%emt 0:00:
36]} 23. Nc2 {[%emt 0:00:08]} Rd3 {[%emt 0:00:06]} 24. Nxb4 {[%emt 0:00:01]}
Rxa3 {[%emt 0:00:03]} 25. bxa3 {[%emt 0:00:01]} cxb4 {[%emt 0:00:01]} 26. a4 {
[%emt 0:00:02]} Nc3+ {[%emt 0:00:05]} 27. Kb2 {[%emt 0:00:02]} Nxa4+ {[%emt 0:
00:00]} 28. Kb3 {[%emt 0:00:01]} Nc5+ {[%emt 0:00:01]} 29. Kb2 {[%emt 0:00:01]}
Qd6 {[%emt 0:00:02]} 30. Rc1 {[%emt 0:00:05]} Qd3 {[%emt 0:00:03]} 31. Rc2 {
[%emt 0:00:01]} Qa3+ {[%emt 0:00:02]} 32. Kb1 {[%emt 0:00:01]} Na4 {[%emt 0:00:
02]} 33. Nd4 {[%emt 0:00:05]} Nc3+ {[%emt 0:00:04]} 34. Ka1 {[%emt 0:00:01]} e5
{[%emt 0:00:03]} 35. Nf3 {[%emt 0:00:02]} b3 {[%emt 0:00:03]} 36. Rb2 {[%emt 0:
00:02]} Nxa2 {[%emt 0:00:03]} 37. Kb1 {[%emt 0:00:01]} Nb4 {[%emt 0:00:01]} 38.
Kc1 {[%emt 0:00:01]} Nc2 {[%emt 0:00:01]} 39. Nd2 {[%emt 0:00:02]} Qa1+ {[%emt
0:00:01]} 40. Rb1 {[%emt 0:00:01]} Qa3+ {[%emt 0:00:03]} 41. Rb2 {[%emt 0:00:
01]} Nd4 {[%emt 0:00:01]} 42. Ne4 {[%emt 0:00:05]} a5 {[%emt 0:00:01]} 43. Nc3
{[%emt 0:00:02]} a4 {[%emt 0:00:00]} 44. Nd1 {[%emt 0:00:02]} Qb4 {[%emt 0:00:
01]} 45. Rb1 {[%emt 0:00:02]} a3 {[%emt 0:00:01]} 46. Ne3 {[%emt 0:00:02]} b2+
{[%emt 0:00:01]} 47. Kd1 {[%emt 0:00:01]} a2 {[%emt 0:00:01] Pierre-Basile76
abandonne} 0-1

[Event "T-Director's Swiss sytem"]
[Site "playchess.com #662980"]
[Date "2014.03.16"]
[Round "9"]
[White "Pierre-Basile76"]
[Black "Martilvov"]
[Result "0-1"]
[WhiteElo "1882"]
[BlackElo "2030"]
[PlyCount "70"]
[EventDate "2014.03.16"]
[EventType "swiss (blitz)"]

1. e4 {[%emt 0:00:02]} e6 {[%emt 0:00:02]} 2. d4 {[%emt 0:00:02]} d5 {[%emt 0:
00:01]} 3. Nd2 {[%emt 0:00:02]} Nc6 {[%emt 0:00:12]} 4. c3 {[%emt 0:00:17]} Nf6
{[%emt 0:00:17]} 5. e5 {[%emt 0:00:06]} Nd7 {[%emt 0:00:07]} 6. f4 {[%emt 0:00:
02]} g6 {[%emt 0:00:03]} 7. Ngf3 {[%emt 0:00:02]} Bg7 {[%emt 0:00:06]} 8. Bd3 {
[%emt 0:00:03]} O-O {[%emt 0:00:02]} 9. Nf1 {[%emt 0:00:01]} f6 {[%emt 0:00:11]
} 10. Ne3 {[%emt 0:00:33]} fxe5 {[%emt 0:00:12]} 11. fxe5 {[%emt 0:00:03]} Ne7
{[%emt 0:00:16]} 12. O-O {[%emt 0:00:02]} c5 {[%emt 0:00:16]} 13. Ng4 {[%emt 0:
00:04]} Nf5 {[%emt 0:00:07]} 14. Ne3 {[%emt 0:00:31]} cxd4 {[%emt 0:00:15]} 15.
Nxf5 {[%emt 0:00:07]} g5 {[%emt 0:00:06]} 16. Bxg5 {[%emt 0:00:12]} Qb6 {[%emt
0:00:07]} 17. N5xd4 {[%emt 0:00:08]} Kh8 {[%emt 0:00:14]} 18. Be3 {[%emt 0:00:
12]} Rf7 {[%emt 0:00:27]} 19. Nf5 {[%emt 0:01:12]} Qxb2 {[%emt 0:00:10]} 20.
Nxg7 {[%emt 0:00:01]} Rxg7 {[%emt 0:00:08]} 21. Qc2 {[%emt 0:00:05]} Qxc2 {
[%emt 0:00:13]} 22. Bxc2 {[%emt 0:00:00]} b6 {[%emt 0:00:02]} 23. Ng5 {[%emt 0:
00:09]} Ba6 {[%emt 0:00:09]} 24. Nxe6 {[%emt 0:00:22]} Re7 {[%emt 0:00:13]} 25.
Nc7 {[%emt 0:00:04]} Bxf1 {[%emt 0:00:07]} 26. Nxa8 {[%emt 0:00:03]} Bc4 {
[%emt 0:00:06]} 27. Nc7 {[%emt 0:00:07]} Nc5 {[%emt 0:00:05]} 28. Na8 {[%emt 0:
00:29]} Re8 {[%emt 0:00:12]} 29. Nc7 {[%emt 0:00:05]} Re7 {[%emt 0:00:04]
Martilvov propose la nulle} 30. Nxd5 {[%emt 0:00:23]} Bxd5 {[%emt 0:00:05]} 31.
Bd4 {[%emt 0:00:01]} Kg8 {[%emt 0:00:09]} 32. a3 {[%emt 0:00:03]} Rg7 {[%emt 0:
00:06]} 33. g3 {[%emt 0:00:02]} Ne6 {[%emt 0:00:08]} 34. Rf1 {[%emt 0:00:13]}
Ng5 {[%emt 0:00:07]} 35. Bd1 {[%emt 0:00:07]} Nh3# {[%emt 0:00:08]} 0-1